000 00317nam a22001337a 4500
999 _c12168
_d12168
020 _a978-93259-7413-5
082 _a621.319
100 _aS N Sivanandam
245 _aPower System Analysis and Stability
260 _aNew Delhi
_bVikas
_c2014
300 _a509
650 _aElectrical Engineering
942 _cBK